El agotamiento de la instancia administrativa como presupuesto de acceso a la instancia judicial (Registro nro. 24165)
[ vista simple ]
| 000 -LEADER | |
|---|---|
| fixed length control field | 00369 a2200109 4500 |
| 001 - CONTROL NUMBER | |
| control field | ART_40048 |
| 005 - DATE AND TIME OF LATEST TRANSACTION | |
| control field | 20260410161842.0 |
| 008 - FIXED-LENGTH DATA ELEMENTS--GENERAL INFORMATION | |
| fixed length control field | 260409a |
| 100 1# - MAIN ENTRY--PERSONAL NAME | |
| Personal name | Muratorio, Jorge I. |
| 245 10 - TITLE STATEMENT | |
| Title | El agotamiento de la instancia administrativa como presupuesto de acceso a la instancia judicial |
| 773 0# - HOST ITEM ENTRY | |
| Title | RAP |
| Related parts | - Año 23, Nº 268 (ene. 2001) |
| Record control number | REV5941 |
No hay ítems disponibles.